00263nam a2200109Ia 4500008004100000100001800041245002600059260003700085300000900122942000700131999001500138190216s9999||||xx |||||||||||||| ||und|| aBeacham R H S 0aCommercial Accounting bUniversity Of London Pressc1964 a445p cBK c4429d4429